Štúdie o minulosti Slovenska a sveta

Salvato in:
Dettagli Bibliografici
Ente Autore: Filozofická fakulta UK. Katedra slovenských dejín
Altri autori: Podolan, Peter, Kónya, Peter, Daniš, Miroslav
Natura: Libro
Lingua:slovacco
Pubblicazione: Bratislava STIMUL 2011
Serie:HISTORIA NOVA 1-2010-2
Soggetti:
Tags: Aggiungi Tag
Nessun Tag, puoi essere il primo ad aggiungerne!!

MARC

LEADER 00000nlm$a2200000$$$4500
001 0128390
005 20230109114350.6
020 |a 978-80-8127-017-8 
041 0 |a slo 
044 |a SK 
245 1 0 |a Štúdie o minulosti Slovenska a sveta  |c editor Peter Podolan 
264 1 |a Bratislava  |b STIMUL  |c 2011 
300 |a CD-ROM 
490 1 |a HISTORIA NOVA  |v 1-2010-2 
830 0 |a HISTORIA NOVA  |v 1-2010-2 
610 2 0 |a dejiny 
610 2 0 |a história 
610 2 0 |a Slovensko 
700 1 |a Podolan, Peter 
700 1 |a Kónya, Peter 
700 1 |a Daniš, Miroslav 
710 2 |a Filozofická fakulta UK. Katedra slovenských dejín